<?xml version="1.0" encoding="UTF-8"?>
<marc:record xmlns:marc="http://www.loc.gov/MARC21/slim">
   <marc:leader>00000nam a2200000 a 4500</marc:leader>
   <marc:datafield ind1="0" ind2="0" tag="245">
      <marc:subfield code="a">Klecksolino</marc:subfield>
   </marc:datafield>
   <marc:datafield ind1="0" ind2="0" tag="245">
      <marc:subfield code="b">Schnell die Pinsel gezückt!</marc:subfield>
   </marc:datafield>
   <marc:datafield ind1=" " ind2="1" tag="264">
      <marc:subfield code="a">Edling</marc:subfield>
      <marc:subfield code="b">Selecta</marc:subfield>
      <marc:subfield code="c">0</marc:subfield>
   </marc:datafield>
   <marc:datafield ind1="1" ind2=" " tag="520">
      <marc:subfield code="a">Oje, Maler Klecks ist gespolpert und all seine Farben sind auf den Boden gefallen. Wer kann ihm helfen, die Farben wieder richtig auf die Paletten zu sortieren?</marc:subfield>
   </marc:datafield>
   <marc:datafield ind1=" " ind2=" " tag="500">
      <marc:subfield code="a">Für 2 - 4 Spieler</marc:subfield>
   </marc:datafield>
   <marc:datafield ind1="0" ind2=" " tag="490">
      <marc:subfield code="v">0</marc:subfield>
   </marc:datafield>
   <marc:datafield ind1=" " ind2=" " tag="300">
      <marc:subfield code="a">4 Paletten, 24 Farbplättchen, 9 Aktionsplättchen, 1 Spielanleitung</marc:subfield>
   </marc:datafield>
</marc:record>
